01719 2200601 4500001002100000005001500021035002000036006001800056007000300074008004100077020002200118040002200140082001600162084001800178100002600196245011600222250002100338250002000359250002300379264006200402264002800464300003300492336002100525337003000546338002300576504003200599650001500631650001900646650001400665850001200679041000800691700002900699700002500728090002100753090002200774500001100796260003000807990002200837990001800859990001800877990001800895990001700913990001700930990001800947990001800965990001800983990001801001990001801019990002001037990002001057990002001077990002001097INLIS00000000081780220220715125616 a0010-1118000148aa g 000 0ta171024s20112017yoia g 001 | ind d a978-979-25-4883-9 aYOPDYOGbinderda04223a371.337 a371.337 THO m0 aThobroni, M.epenulis10aMendongkrak kecerdasan anak melalui bermain dan permainan /cM. Thobroni, Fairuzul Mumtaz; editor, Meita Sandra aCetakan II, 2017 aCetakan I, 2011 aCetakan kedua,202031aSleman :bKatahati,cantara tahun 2011 sampai dengan 201732aSleman :bAr-Ruzz Media a90 halaman :btabel ;c20 cm 2rdacontentateks 2rdamediaatanpa perantara 2rdacarrieravolume aBibliografi : halaman 83-84 4aPendidikan 4aMetode belajar 4aPermainan aYOPDYOG0 aind0 aFairuzul Mumtazepenulis0 aMeita Sandraeeditor aPK 371.337 THO m aCB-D.11 2011-1788 aIndeks aSleman :bKatahati,c2020 aCB-D.11/2011-1788 a12939-PD/B.15 a12940-PD/B.15 a12941-PD/B.15 a3625-KS/B.15 a3626-KS/B.15 a34270-PD/B.18 a34271-PD/B.18 a34272-PD/B.18 a34273-PD/B.18 a34274-PD/B.18 a40572-PD/B.2019 a40573-PD/B.2019 a44187-PD/B.2022 a44188-PD/B.2022